| 000 | 00858nam a22002777a 4500 | ||
|---|---|---|---|
| 001 | 000340 | ||
| 003 | DO-SdBNP | ||
| 005 | 20240417093644.0 | ||
| 007 | 000340 | ||
| 008 | 160829b 1983 sp ||| 00| 0 spa d | ||
| 020 | _a8432221686 | ||
| 020 | _a8432221600 (obra completa) | ||
| 040 |
_aBPMSU _bspa _cBPMSU |
||
| 082 | 4 |
_a833.8 _bH587N 983 _222 |
|
| 100 | 1 |
_aHesse, Hermann, _d1877-1962. |
|
| 245 | 1 | 0 |
_aNarciso y Goldmundo / _cHermann Hesse ; traducción de Luis Tobío. |
| 260 |
_aBarcelona : _bSeix Barral, _c1983. |
||
| 300 |
_a287 p. ; _c20 cm. |
||
| 490 | 0 |
_aObras maestras de la literatura contemporánea, _v8 |
|
| 590 | _aInventariado, 2024/VM | ||
| 650 | 4 | _a Novela alemana | |
| 700 | 1 |
_aTobío, Luis, _d1906-2003. _etraductor |
|
| 830 | 0 | _aRodolfo Segovia-Colección | |
| 910 | _aVMateo V. Control de calidad. BPMSU | ||
| 942 |
_2ddc _cBK |
||
| 999 |
_c11209 _d11209 |
||